[Event "23rd Int. Tournament "]
[Site "?"]
[Date "2015.08.28"]
[Round "2.1"]
[White "Agriopoulos, Konstantinos"]
[Black "Stamatiou, Rodolfos"]
[Result "1-0"]
[WhiteElo "1693"]
[BlackElo "1221"]
[PlyCount "67"]
[EventDate "2015.08.27"]

1. e4 c5 2. Nf3 Nc6 3. Bb5 a6 4. Bxc6 dxc6 5. Qe2 Nf6 6. e5 Nd5 7. O-O e6 8. c3
Nf4 9. Qe4 Nd3 10. Na3 Be7 11. Nc2 Nxc1 12. Raxc1 O-O 13. d4 b5 14. Ne3 Bb7 15.
Rfd1 c4 16. Nd2 Qd7 17. b3 cxb3 18. Nxb3 Qc7 19. Qg4 Rad8 20. f4 f5 21. Qe2 c5
22. c4 bxc4 23. Qxc4 Bd5 24. Nxd5 Rxd5 25. Qxa6 Kf7 26. Qe2 Rfd8 27. Rc4 Qa7
28. Rd3 cxd4 29. Kf1 g5 30. fxg5 Bxg5 31. Qh5+ Kf8 32. Qxg5 Qxa2 33. Qf6+ Kg8
34. Rg3# 1-0

[Event "23rd Int. Tournament "]
[Site "?"]
[Date "2015.08.28"]
[Round "2.2"]
[White "Stamelos, Grigorios"]
[Black "Katsiampas, Efthymios"]
[Result "1/2-1/2"]
[WhiteElo "1223"]
[BlackElo "1586"]
[PlyCount "71"]
[EventDate "2015.08.27"]

1. e4 c5 2. Nf3 Nc6 3. d4 cxd4 4. Nxd4 Nf6 5. Nc3 e5 6. Ndb5 d6 7. Bg5 a6 8.
Na3 b5 9. Nd5 Be7 10. c4 b4 11. Nc2 a5 12. c5 dxc5 13. Bb5 Bd7 14. Nce3 Nxe4
15. Bxc6 Bxc6 16. Bxe7 Qd7 17. f3 Nd6 18. Nb6 Qxe7 19. Nxa8 Bxa8 20. Qa4+ Qd7
21. Qxa5 Qc6 22. Rd1 O-O 23. Nd5 Kh8 24. Qc7 Nc4 25. Qxc6 Bxc6 26. b3 Bxd5 27.
Rxd5 Ne3 28. Rxe5 Nxg2+ 29. Kf2 Nf4 30. Rd1 Ne6 31. Red5 Ra8 32. R1d2 g6 33. h4
Kg7 34. Kf1 Nd4 35. Kg2 Rc8 36. Kf2 1/2-1/2

[Event "23rd Int. Tournament "]
[Site "?"]
[Date "2015.08.28"]
[Round "2.3"]
[White "Gkavalias, Dimitrios"]
[Black "Chrysomallis, Stylianos"]
[Result "1/2-1/2"]
[WhiteElo "1498"]
[BlackElo "1212"]
[PlyCount "66"]
[EventDate "2015.08.27"]

1. d4 Nf6 2. Nf3 g6 3. c4 Bg7 4. Nc3 d6 5. e4 Bg4 6. Be2 Nbd7 7. h3 Bxf3 8.
Bxf3 e5 9. Be3 a6 10. Qd2 exd4 11. Bxd4 Ne5 12. Bxe5 dxe5 13. Rd1 Qe7 14. Qc2
O-O 15. O-O c6 16. a4 Rad8 17. Qb3 Qc7 18. Qa3 Rxd1 19. Rxd1 Rd8 20. Qa1 Bh6
21. Rxd8+ Qxd8 22. Qd1 Qe7 23. b3 Nd7 24. Na2 Nf8 25. b4 Ne6 26. c5 Nd4 27. Bg4
Bg7 28. Nc3 Qc7 29. a5 Bf8 30. Ne2 h5 31. Nxd4 hxg4 32. Ne2 gxh3 33. gxh3 Qc8
1/2-1/2

[Event "23rd Int. Tournament "]
[Site "?"]
[Date "2015.08.28"]
[Round "2.4"]
[White "Goutoufas, Christos"]
[Black "Stamatis, Ioannis"]
[Result "0-1"]
[WhiteElo "1210"]
[BlackElo "1497"]
[PlyCount "44"]
[EventDate "2015.08.27"]

1. d4 Nf6 2. c4 e6 3. Bf4 Bb4+ 4. Nc3 Bxc3+ 5. bxc3 d6 6. Qc2 Qe7 7. Nf3 Nbd7
8. e4 e5 9. dxe5 dxe5 10. Be3 O-O 11. Be2 Re8 12. O-O Nf8 13. Rad1 Ng6 14. Ne1
h6 15. f3 Nh5 16. Nd3 Qh4 17. Bf2 Qg5 18. Qd2 Nhf4 19. Bg3 Rd8 20. Qe3 Nh3+ 21.
gxh3 Qxe3+ 22. Rf2 Bxh3 0-1

[Event "23rd Int. Tournament "]
[Site "?"]
[Date "2015.08.28"]
[Round "2.5"]
[White "Tagklis, Ioannis"]
[Black "Tsatov, Reveka"]
[Result "1-0"]
[WhiteElo "1484"]
[BlackElo "1203"]
[PlyCount "133"]
[EventDate "2015.08.27"]

1. d4 d5 2. e4 e6 3. Nd2 c5 4. Ngf3 Nc6 5. c3 a6 6. Bd3 c4 7. Bc2 Be7 8. O-O b5
9. Re1 Ra7 10. exd5 exd5 11. Ne5 Nxe5 12. Rxe5 Nf6 13. h3 O-O 14. Nf3 Bd6 15.
Re1 h6 16. Be3 Nh7 17. Qb1 Ng5 18. Nxg5 hxg5 19. Qd1 g6 20. Qd2 Bf4 21. Bxf4
gxf4 22. Qxf4 Kh7 23. Re5 f5 24. Rae1 Kg7 25. Qf3 Rd7 26. Qg3 Rdf7 27. Qf3 Bb7
28. Qe2 Bc8 29. Re7 Qd6 30. Qe5+ Qxe5 31. R7xe5 Rd8 32. f4 a5 33. b3 Kf6 34.
bxc4 bxc4 35. Rb1 Rb7 36. Rxb7 Bxb7 37. Ba4 Bc8 38. Bc6 Be6 39. Re2 Rd6 40. Ba4
Rb6 41. Kf2 g5 42. fxg5+ Kxg5 43. g3 f4 44. h4+ Kg4 45. gxf4 Kxh4 46. Ke3 Kg3
47. Rf2 Bg4 48. f5 Rf6 49. Bd7 Rf7 50. Be6 Re7 51. Rf1 Kg2 52. Rf2+ Kg3 53. Rf4
Kh4 54. Kf2 Rb7 55. Kg1 Kg5 56. Rf2 Kf6 57. Bxd5 Rb1+ 58. Kg2 Bxf5 59. Be4 Rb5
60. Rxf5+ Rxf5 61. Bxf5 Kxf5 62. Kf3 Kf6 63. Kf4 Ke6 64. Ke4 Kd6 65. a4 Ke6 66.
d5+ Kd6 67. Kd4 1-0

[Event "23rd Int. Tournament "]
[Site "?"]
[Date "2015.08.28"]
[Round "2.6"]
[White "Georgitsi, Sofia"]
[Black "Filoxeni, Danai"]
[Result "0-1"]
[WhiteElo "1197"]
[BlackElo "1472"]
[PlyCount "58"]
[EventDate "2015.08.27"]

1. e4 c5 2. Nc3 Nc6 3. Bb5 e6 4. Bxc6 bxc6 5. d3 d5 6. f4 Bd6 7. Nf3 Ne7 8. O-O
O-O 9. Qe1 Ng6 10. Qg3 d4 11. Na4 Qa5 12. b3 f5 13. e5 Be7 14. Ba3 Ba6 15. h4
Rfd8 16. Ng5 Bxg5 17. hxg5 c4 18. dxc4 Bxc4 19. Rf3 Bd5 20. Rff1 Be4 21. Rac1
d3 22. cxd3 Rxd3 23. Qe1 Qxe1 24. Rcxe1 Rd2 25. Rf2 Rxf2 26. Kxf2 Nxf4 27. Nc5
Bxg2 28. Rd1 Bd5 29. Ke3 Nh3 0-1

[Event "23rd Int. Tournament "]
[Site "?"]
[Date "2015.08.28"]
[Round "2.7"]
[White "Agriopoulou, Stavroula"]
[Black "Pogiatzis, Grigorios"]
[Result "0-1"]
[WhiteElo "1194"]
[BlackElo "1471"]
[PlyCount "70"]
[EventDate "2015.08.27"]

1. d4 c6 2. c4 d5 3. Nc3 e5 4. cxd5 cxd5 5. dxe5 d4 6. Ne4 Qa5+ 7. Nd2 Nc6 8.
Ngf3 Nxe5 9. Nxd4 Nf6 10. Qb3 a6 11. g3 Bc5 12. N4f3 Neg4 13. e3 O-O 14. Bg2
Nxf2 15. Kxf2 Ng4+ 16. Ke2 Nxe3 17. Nc4 Nxc4 18. Qxc4 Be6 19. Qc2 Rfe8 20. Kd1
Rad8+ 21. Bd2 Bb4 22. Rf1 Bxd2 23. Nxd2 Rxd2+ 24. Qxd2 Rd8 25. Qxd8+ Qxd8+ 26.
Kc2 Qc7+ 27. Kd2 Qd6+ 28. Kc2 Qc5+ 29. Kd2 Qb4+ 30. Kc2 Qc5+ 31. Kd2 g6 32.
Rae1 Qa5+ 33. Kc1 Bf5 34. a3 Qc5+ 35. Kd2 Qc2+ 0-1

[Event "23rd Int. Tournament "]
[Site "?"]
[Date "2015.08.28"]
[Round "2.8"]
[White "Petsetidis, Dimitrios"]
[Black "Mallios, Ioannis"]
[Result "0-1"]
[WhiteElo "1459"]
[BlackElo "1196"]
[PlyCount "123"]
[EventDate "2015.08.27"]

1. e4 c5 2. Nf3 Nc6 3. Bb5 g6 4. O-O Bg7 5. Re1 a6 6. Bf1 d6 7. d3 Nf6 8. c3
Bg4 9. h3 Bd7 10. Bf4 O-O 11. Qd2 Rc8 12. Bh6 Qb6 13. Bxg7 Kxg7 14. Na3 Qc7 15.
Rac1 Qb8 16. d4 cxd4 17. Nxd4 Nxd4 18. Qxd4 e5 19. Qd1 Be6 20. Re3 d5 21. exd5
Nxd5 22. Rg3 Rfd8 23. Qe1 Ne7 24. b3 Nf5 25. Rd3 Rxd3 26. Bxd3 b5 27. Nc2 Qc7
28. Ne3 Nd4 29. c4 Bxh3 30. Nd5 Qd6 31. Qe3 Bd7 32. Re1 f6 33. f3 Qc5 34. b4
Qd6 35. Nf4 bxc4 36. Bb1 Qxb4 37. Nd5 Qd6 38. Nc3 Qc5 39. Kf2 Ne6 40. Rd1 Qxe3+
41. Kxe3 Nd4 42. f4 Rb8 43. fxe5 fxe5 44. Ke4 Re8 45. Kd5 Bc6+ 46. Kxc4 Bxg2
47. Rd2 Bf3 48. Rb2 g5 49. Rb6 Re6 50. Rb8 g4 51. Rd8 Bc6 52. Ne4 Bb5+ 53. Kc3
Bc6 54. Nc5 Rf6 55. Kb4 g3 56. Ne4 Rf3 57. Ng5 g2 58. Bxh7 g1=Q 59. Rg8+ Kh6
60. Rg6+ Kh5 61. Nxf3 Qb1+ 62. Ka3 0-1

[Event "23rd Int. Tournament "]
[Site "?"]
[Date "2015.08.28"]
[Round "2.9"]
[White "Neroutsos, Dimitrios"]
[Black "Barous, Theodoros"]
[Result "0-1"]
[WhiteElo "1187"]
[BlackElo "1435"]
[PlyCount "94"]
[EventDate "2015.08.27"]

1. e4 c5 2. Nf3 Nc6 3. d4 cxd4 4. Nxd4 g6 5. Be3 Bg7 6. Nc3 Nf6 7. Qd2 O-O 8.
O-O-O Ng4 9. Nxc6 bxc6 10. Be2 Nxe3 11. Qxe3 d6 12. f4 Qa5 13. a3 Rb8 14. Rd3
Ba6 15. Rhd1 Bxd3 16. Rxd3 Rb7 17. Nd1 Rfb8 18. Rb3 Rxb3 19. cxb3 c5 20. Bc4
Qc7 21. g4 e6 22. h4 Rd8 23. Qf3 Qc6 24. Ne3 Bd4 25. f5 Bxe3+ 26. Qxe3 exf5 27.
gxf5 Re8 28. fxg6 hxg6 29. Bd3 d5 30. exd5 Rxe3 31. dxc6 Re7 32. Bb5 f5 33. Kc2
Kf7 34. Kc3 Ke6 35. b4 Kd6 36. Kc4 Re4+ 37. Kc3 cxb4+ 38. axb4 Rxh4 39. Kb3 f4
40. Ka4 Rh1 41. Ka5 Ra1+ 42. Ba4 Rxa4+ 43. Kxa4 f3 44. b5 f2 45. Ka5 f1=Q 46.
Ka6 Qf2 47. b4 Qb6# 0-1

[Event "23rd Int. Tournament "]
[Site "?"]
[Date "2015.08.28"]
[Round "2.10"]
[White "Sahpatsidis, Haralabos"]
[Black "Apostolou, Petros"]
[Result "1-0"]
[WhiteElo "1433"]
[BlackElo "1189"]
[PlyCount "87"]
[EventDate "2015.08.27"]

1. d4 d5 2. c4 c6 3. Nc3 Nf6 4. Bf4 dxc4 5. e4 e6 6. Nf3 Bb4 7. Qc2 Bxc3+ 8.
bxc3 b5 9. Be2 h6 10. O-O O-O 11. Nd2 Bb7 12. f3 Nbd7 13. Bd6 Re8 14. e5 Nd5
15. Qb2 a5 16. a3 f6 17. f4 Ne3 18. Bh5 Nxf1 19. Nxf1 Re7 20. a4 Kh7 21. Bf3
Rf7 22. axb5 Nb8 23. Qe2 cxb5 24. Bxb7 Ra7 25. Bf3 Nd7 26. Nd2 f5 27. Qe3 Nf8
28. d5 Ra6 29. dxe6 Nxe6 30. Bd5 Qd7 31. Nf3 g6 32. Nd4 Nxd4 33. Qxd4 Qa7 34.
Bc5 Qd7 35. Bxf7 Qxf7 36. Bd6 Ra8 37. Qb6 Qa7 38. Bc5 Qxb6 39. Bxb6 Rb8 40. Bc7
Rb7 41. Bxa5 Ra7 42. e6 Kg7 43. Ra3 Kf6 44. Bd8+ 1-0

[Event "23rd Int. Tournament "]
[Site "?"]
[Date "2015.08.29"]
[Round "3.1"]
[White "Pandelidis, Ioannis"]
[Black "Kapnisis, Spyridon"]
[Result "1/2-1/2"]
[WhiteElo "2114"]
[BlackElo "2455"]
[PlyCount "51"]
[EventDate "2015.08.27"]
[TimeControl "120+37"]
[WhiteClock "0:00:04"]
[BlackClock "0:00:03"]

1. e4 c5 2. Nc3 e6 3. Nf3 a6 4. d4 cxd4 5. Nxd4 b5 6. g3 Bb7 7. Bg2 b4 8. Na4
Nf6 9. O-O Nxe4 10. Re1 d5 11. c4 bxc3 12. bxc3 Be7 13. Rb1 Nd6 14. c4 O-O 15.
Bf4 Ra7 16. cxd5 exd5 17. Bxd6 Bxd6 18. Nf5 Qf6 19. Nxd6 Qxd6 20. Qd4 Nc6 21.
Qc5 Qxc5 22. Nxc5 Ba8 23. Bxd5 Nd4 24. Bxa8 Rfxa8 25. Kg2 g6 26. Nb3 1/2-1/2

[Event "23rd Int. Tournament "]
[Site "?"]
[Date "2015.08.29"]
[Round "3.2"]
[White "Nikolaou, Georgios"]
[Black "Delithanasis, Dimitrios"]
[Result "1-0"]
[WhiteElo "2317"]
[BlackElo "2105"]
[PlyCount "54"]
[EventDate "2015.08.27"]
[TimeControl "120+15"]
[WhiteClock "0:00:05"]
[BlackClock "0:00:08"]

1. d4 Nf6 2. c4 g6 3. Nf3 Bg7 4. g3 b6 5. Bg2 Bb7 6. O-O Na6 7. Qc2 Nb4 8. Qb3
a5 9. a3 Na6 10. Nc3 Ne4 11. Nd5 e6 12. Nf4 O-O 13. Rd1 d6 14. Ne1 c5 15. d5 a4
16. Qc2 exd5 17. Nxd5 f5 18. Bxe4 fxe4 19. Qxe4 Kh8 20. Nf3 b5 21. Bg5 Qb8 22.
Be7 Rf5 23. g4 Bxd5 24. cxd5 Rxf3 25. Qxf3 Bxb2 26. Rab1 Be5 27. Bf6+ Kg8 1-0

[Event "23rd Int. Tournament "]
[Site "?"]
[Date "2015.08.29"]
[Round "3.3"]
[White "Trimitzios, Petros"]
[Black "Kotrotsos, Vasilios"]
[Result "1-0"]
[WhiteElo "2006"]
[BlackElo "2273"]
[PlyCount "101"]
[EventDate "2015.08.27"]
[TimeControl "120+9"]
[WhiteClock "0:00:17"]
[BlackClock "0:00:10"]

1. d4 g6 2. Nf3 Bg7 3. c4 d6 4. g3 Nd7 5. Nc3 e5 6. dxe5 dxe5 7. Bg2 Ngf6 8.
O-O O-O 9. Qc2 c6 10. e4 Re8 11. h3 Qc7 12. Be3 Nf8 13. Rfd1 Ne6 14. Rac1 Nd7
15. Qb1 a5 16. b3 Ndc5 17. Qc2 b6 18. Rd2 Bb7 19. Rcd1 Rad8 20. Ne2 Rxd2 21.
Rxd2 Rd8 22. Rxd8+ Qxd8 23. Qd2 Qc7 24. Nc3 Bc8 25. h4 f5 26. exf5 gxf5 27. Bh6
e4 28. Ne1 Be5 29. Ne2 Qf7 30. Be3 Qf6 31. Bf1 Bd7 32. Ng2 Be8 33. Ngf4 Nxf4
34. Nxf4 Bc3 35. Qd1 Nd7 36. Be2 Be5 37. Kg2 Kf8 38. Bh5 Qe7 39. Qe2 Bc7 40.
Nh3 Bg6 41. Bxg6 hxg6 42. h5 Ne5 43. hxg6 Nxg6 44. Qh5 Qf7 45. Qh6+ Qg7 46. Qh5
Qf7 47. Qh6+ Ke8 48. Ng5 Qg8 49. Nh7 Qe6 50. Bg5 Bd8 51. Nf6+ 1-0

[Event "23rd Int. Tournament "]
[Site "?"]
[Date "2015.08.29"]
[Round "3.4"]
[White "Simeonidis, Ioannis"]
[Black "Nikolaou, Spiridon"]
[Result "1/2-1/2"]
[WhiteElo "2266"]
[BlackElo "2096"]
[PlyCount "43"]
[EventDate "2015.08.27"]
[TimeControl "120+13"]
[WhiteClock "0:00:07"]
[BlackClock "0:00:07"]

1. d4 Nf6 2. c4 e6 3. Nf3 b6 4. Nc3 Bb7 5. g3 Ne4 6. Bd2 Be7 7. Bg2 f5 8. O-O
Bf6 9. Ne5 Nxc3 10. Bxc3 Bxg2 11. Kxg2 O-O 12. Re1 a5 13. Rc1 Na6 14. Nd3 Qe7
15. a3 Qd6 16. Nf4 Rae8 17. Qd3 c5 18. e3 cxd4 19. exd4 Bg5 20. Qf3 Rc8 21. Qb7
Nb8 22. d5 1/2-1/2

[Event "23rd Int. Tournament "]
[Site "?"]
[Date "2015.08.29"]
[Round "3.5"]
[White "Karagiannis, Athanasios"]
[Black "Vazelakis, Dimitrios"]
[Result "1-0"]
[WhiteElo "2232"]
[BlackElo "2004"]
[PlyCount "75"]
[EventDate "2015.08.27"]
[TimeControl "120+13"]
[WhiteClock "0:00:15"]
[BlackClock "0:00:13"]

1. d4 g6 2. e4 Bg7 3. Nc3 d6 4. Bg5 a6 5. a4 Nc6 6. d5 Nb4 7. Nf3 h6 8. Be3 c5
9. h3 Nf6 10. Bc4 O-O 11. O-O b6 12. Re1 Rb8 13. Qd2 Kh7 14. Bf4 a5 15. e5 Ne8
16. Nb5 dxe5 17. Nxe5 Bb7 18. Nd7 Qxd7 19. Bxb8 Bxb2 20. Rad1 Bg7 21. c3 Na6
22. Be5 Nd6 23. Bxg7 Kxg7 24. Nxd6 exd6 25. Rb1 Qd8 26. Qb2 Nc7 27. Qd2 Bc8 28.
Qf4 Bf5 29. Rb2 Re8 30. Rxe8 Nxe8 31. g4 Bd7 32. Bb5 Bxb5 33. Rxb5 Qe7 34. c4
Qe1+ 35. Kg2 Qa1 36. Rxb6 Qxa4 37. Rb8 Nf6 38. Qxd6 1-0

[Event "23rd Int. Tournament "]
[Site "?"]
[Date "2015.08.29"]
[Round "3.6"]
[White "Tsiros, Fragkiskos Vlasios"]
[Black "Markesinis, Eleftherios"]
[Result "1-0"]
[WhiteElo "2216"]
[BlackElo "1999"]
[PlyCount "95"]
[EventDate "2015.08.27"]
[TimeControl "120+14"]
[WhiteClock "0:00:13"]
[BlackClock "0:00:16"]

1. Nf3 b6 2. g3 Bb7 3. Bg2 g5 4. O-O e6 5. d4 Be7 6. c4 g4 7. Ne5 Bxg2 8. Kxg2
h5 9. d5 Bf6 10. Nd3 Qe7 11. Nd2 c6 12. e4 e5 13. b4 d6 14. Rb1 c5 15. bxc5
dxc5 16. Bb2 Qc7 17. f4 gxf3+ 18. Nxf3 Nd7 19. Qa4 O-O-O 20. Qc6 Re8 21. Nfxe5
Qxc6 22. Nxc6 Rxe4 23. Nxa7+ Kb8 24. Nc6+ Kc7 25. Bxf6 Ngxf6 26. Nde5 Re2+ 27.
Rf2 Rxf2+ 28. Kxf2 Ng4+ 29. Nxg4 hxg4 30. Kg1 Ra8 31. Rf1 f5 32. Rxf5 Rxa2 33.
Rf4 Ra1+ 34. Kf2 Ra2+ 35. Ke3 Ra3+ 36. Ke4 Ra2 37. Kf5 Rxh2 38. Rxg4 b5 39.
cxb5 Kd6 40. Rg6+ Kxd5 41. Ne7+ Kc4 42. b6 Rb2 43. Nc8 Kd5 44. Rd6+ Kc4 45.
Rxd7 Kc3 46. b7 c4 47. Nd6 Rb6 48. Rd8 1-0

[Event "23rd Int. Tournament "]
[Site "?"]
[Date "2015.08.29"]
[Round "3.8"]
[White "Stamos, Filippos"]
[Black "Zervos, Lazaros"]
[Result "0-1"]
[WhiteElo "2170"]
[BlackElo "1986"]
[PlyCount "69"]
[EventDate "2015.08.27"]
[TimeControl "120+27"]
[WhiteClock "0:00:00"]
[BlackClock "0:00:01"]

1. d4 Nf6 2. Nf3 g6 3. g3 b6 4. Bg2 Bb7 5. O-O Bg7 6. c4 O-O 7. d5 Na6 8. Nc3
Nc5 9. Nd4 e5 10. Nc2 a5 11. e4 d6 12. Be3 Bc8 13. h3 Nh5 14. Na3 Bd7 15. Nab5
Na6 16. a3 Qe8 17. b4 f5 18. Nxc7 Nxc7 19. Bxb6 Na6 20. Bxa5 f4 21. Kh2 Qc8 22.
Qd3 f3 23. Bxf3 Bxh3 24. Rfe1 Bg4 25. Bxg4 Qxg4 26. Qf1 Rf3 27. Ne2 Raf8 28.
Bb6 Nc5 29. Kg1 Nxe4 30. Qg2 Nexg3 31. fxg3 Nxg3 32. b5 Nxe2+ 33. Rxe2 Rg3 34.
Rc1 Bh6 35. Rcc2 0-1

[Event "23rd Int. Tournament "]
[Site "?"]
[Date "2015.08.29"]
[Round "3.9"]
[White "Salahidou, Reveka"]
[Black "Grigoriadis, Alexandros"]
[Result "0-1"]
[WhiteElo "1975"]
[BlackElo "2153"]
[PlyCount "68"]
[EventDate "2015.08.27"]
[TimeControl "120+23"]
[BlackClock "0:00:07"]

1. e4 c5 2. Nf3 d6 3. d4 cxd4 4. Nxd4 Nf6 5. Nc3 a6 6. Be2 e6 7. Bg5 Be7 8. Qd2
b5 9. a3 Bb7 10. f3 Nbd7 11. O-O O-O 12. Kh1 Rc8 13. Rae1 Qc7 14. Bd3 Nb6 15.
Qe2 Nc4 16. Bc1 Qb6 17. Nb3 Nd7 18. Nd1 Bf6 19. f4 Rfe8 20. Nd2 Nxd2 21. Bxd2
Nc5 22. e5 Nxd3 23. cxd3 Bh4 24. Nf2 dxe5 25. fxe5 Rc2 26. Rb1 Qd4 27. Nh3 Rd8
28. Nf4 Bg5 29. Qd1 Rxb2 30. Rxb2 Qxb2 31. Nxe6 fxe6 32. Qh5 Bf4 33. Qh4 Rf8
34. Qe7 Bc8 0-1

[Event "23rd Int. Tournament "]
[Site "?"]
[Date "2015.08.29"]
[Round "3.10"]
[White "Alexakis, Georgios"]
[Black "Poulopoulos, Ioannis"]
[Result "1/2-1/2"]
[WhiteElo "1907"]
[BlackElo "2133"]
[PlyCount "72"]
[EventDate "2015.08.27"]
[TimeControl "120+9"]
[WhiteClock "0:00:59"]
[BlackClock "0:00:47"]

1. e4 c5 2. Nf3 d6 3. d4 cxd4 4. Qxd4 a6 5. c4 Nc6 6. Qd1 g6 7. Nc3 Bg7 8. Be2
Nf6 9. O-O O-O 10. h3 h6 11. Be3 Be6 12. Rc1 Qa5 13. Nd4 Nxd4 14. Bxd4 Nd7 15.
b3 Rfc8 16. f4 Bxd4+ 17. Qxd4 Qc5 18. Qxc5 Rxc5 19. Bd3 f5 20. Rce1 Kf7 21.
exf5 Bxf5 22. Bxf5 gxf5 23. Re3 e6 24. Rd1 Rc6 25. Red3 Ke7 26. Re3 Re8 27. Rg3
Rf8 28. Rg7+ Rf7 29. Rg6 Rf6 30. Rg7+ Rf7 31. Rg6 Rh7 32. Re1 Nf8 33. Rg3 Kf6
34. Rge3 Rhc7 35. Ne2 Rc5 36. Nd4 Re7 1/2-1/2

[Event "23rd Int. Tournament "]
[Site "?"]
[Date "2015.08.29"]
[Round "3.11"]
[White "Pountzas, Hrisanthos"]
[Black "Gkikas, Hristos"]
[Result "1-0"]
[WhiteElo "2128"]
[BlackElo "1983"]
[PlyCount "51"]
[EventDate "2015.08.27"]
[TimeControl "120+22"]
[WhiteClock "0:00:22"]
[BlackClock "0:00:02"]

1. c4 e6 2. Nf3 Nf6 3. g3 d5 4. d4 c5 5. cxd5 exd5 6. Bg2 Nc6 7. O-O c4 8. b3
b5 9. a4 Na5 10. Nfd2 Bd7 11. axb5 Bxb5 12. Na3 Bxa3 13. Bxa3 cxb3 14. Bb4 Nc4
15. Qxb3 Nxd2 16. Bxd2 Bc4 17. Qa3 Nd7 18. Rfb1 Qe7 19. Bb4 Qe6 20. e4 dxe4 21.
Bxe4 Qxe4 22. Re1 Be2 23. Ra2 Qd5 24. Rexe2+ Kd8 25. Ba5+ Kc8 26. Qc3+ 1-0

[Event "23rd Int. Tournament "]
[Site "?"]
[Date "2015.08.29"]
[Round "3.12"]
[White "Papadopoulos, Georgios Nikea"]
[Black "Drakoulakos, Grigorios"]
[Result "1/2-1/2"]
[WhiteElo "1830"]
[BlackElo "2233"]
[PlyCount "90"]
[EventDate "2015.08.27"]
[TimeControl "120+25"]
[WhiteClock "0:00:58"]
[BlackClock "0:00:03"]

1. e4 c5 2. Nf3 e6 3. d4 cxd4 4. Nxd4 Nc6 5. Nc3 Qc7 6. Be3 a6 7. Be2 Nf6 8. a3
b5 9. Nxc6 dxc6 10. f4 Bb7 11. e5 Nd5 12. Nxd5 cxd5 13. Bd4 Rc8 14. c3 Bc5 15.
O-O O-O 16. Qd2 Bxd4+ 17. Qxd4 Qc5 18. Qxc5 Rxc5 19. Rfd1 f6 20. Bg4 f5 21. Be2
Bc6 22. Rd4 Rb8 23. Bd3 Bd7 24. Kf2 Kf7 25. Ke3 Rc7 26. Kd2 a5 27. Be2 Rcb7 28.
b4 Ra7 29. bxa5 Rxa5 30. Rb4 Rba8 31. Rab1 Rxa3 32. Bxb5 Ra2+ 33. Ke3 Bxb5 34.
Rxb5 Rxg2 35. Rb7+ Kg6 36. Re7 Ra6 37. Rbb7 Kh6 38. Rbd7 Rc6 39. Kd3 d4 40.
cxd4 Rgc2 41. d5 R6c3+ 42. Kd4 Rc4+ 43. Kd3 R4c3+ 44. Kd4 Rc4+ 45. Kd3 R4c3+
1/2-1/2

[Event "23rd Int. Tournament "]
[Site "?"]
[Date "2015.08.29"]
[Round "3.13"]
[White "Gazis, Efstathios"]
[Black "Nemtsas, Hristoforos"]
[Result "1-0"]
[WhiteElo "2146"]
[BlackElo "1905"]
[PlyCount "145"]
[EventDate "2015.08.27"]

1. e4 c5 2. Nf3 d6 3. d4 Nf6 4. Nc3 cxd4 5. Nxd4 a6 6. Bg5 e6 7. f4 Qc7 8. Qf3
b5 9. Bxf6 gxf6 10. a3 Nd7 11. Be2 h5 12. Qh3 Nb6 13. O-O-O h4 14. Kb1 Bd7 15.
Rhf1 Rb8 16. f5 e5 17. Nf3 Bc6 18. Nd2 Qb7 19. Ka1 b4 20. axb4 Na4 21. Nxa4
Bxa4 22. Qa3 Qxb4 23. Qxb4 Rxb4 24. b3 Bb5 25. Bxb5+ Rxb5 26. Nc4 Rg8 27. Rf2
Kd7 28. Kb2 Be7 29. Ra1 Ra8 30. Rd2 Kc7 31. Rd3 Rbb8 32. Ne3 Ra7 33. Ra4 Rg8
34. Rc3+ Kd7 35. Rd3 Bd8 36. Rd2 Bb6 37. Nc4 Bc7 38. c3 Raa8 39. Kc2 Rg7 40. b4
Rag8 41. Ne3 Ra8 42. Nd5 Bd8 43. Kd3 Kc6 44. Rda2 Kb7 45. Ke3 Bb6+ 46. Kf3 Bg1
47. g4 hxg3 48. hxg3 Rag8 49. Rg2 Bb6 50. Nxf6 Rh8 51. Ra1 Bd8 52. Nd5 Rh3 53.
Ne3 Bb6 54. Nc4 Bc7 55. Ne3 Bb6 56. Ng4 Bd8 57. Rh2 Rxh2 58. Nxh2 Kb6 59. c4
Bg5 60. Rd1 Kc6 61. Kf2 Rg8 62. Nf3 Bd8 63. Ra1 Kb6 64. Rh1 Rg4 65. Nd2 Bg5 66.
Kf3 Bxd2 67. Kxg4 Bxb4 68. Kg5 a5 69. Kf6 a4 70. Kxf7 a3 71. g4 a2 72. g5 Bc3
73. g6 1-0

[Event "23rd Int. Tournament "]
[Site "?"]
[Date "2015.08.29"]
[Round "3.14"]
[White "Petougias, Georgios"]
[Black "Kouskoutis, Georgios-Alexandro"]
[Result "0-1"]
[WhiteElo "1903"]
[BlackElo "2128"]
[PlyCount "45"]
[EventDate "2015.08.27"]

1. e4 c5 2. c3 g6 3. d4 cxd4 4. cxd4 d5 5. e5 Bg7 6. h3 Nc6 7. Nc3 f6 8. exf6
Nxf6 9. Nf3 O-O 10. Be2 Kh8 11. O-O Nh5 12. Bg5 Nf4 13. Qd2 Nxe2+ 14. Nxe2 Bxh3
15. Nh2 Bf5 16. g4 Be6 17. Qe3 Qd7 18. f3 Bg8 19. b4 e5 20. Bh6 exd4 21. Bxg7+
Qxg7 22. Qd2 d3 23. Nc1 0-1

[Event "23rd Int. Tournament "]
[Site "?"]
[Date "2015.08.29"]
[Round "3.16"]
[White "Tsomis, Dimitrios"]
[Black "Ragios, Konstantinos"]
[Result "1/2-1/2"]
[WhiteElo "2019"]
[BlackElo "1840"]
[PlyCount "31"]
[EventDate "2015.08.27"]

1. e4 e5 2. Nf3 Nc6 3. Bb5 a6 4. Ba4 Nf6 5. O-O b5 6. Bb3 Be7 7. Re1 d6 8. c3
O-O 9. d3 Na5 10. Bc2 c5 11. Nbd2 Re8 12. Nf1 Bf8 13. Ng3 g6 14. h3 Nc6 15. a3
a5 16. d4 1/2-1/2

[Event "23rd Int. Tournament "]
[Site "?"]
[Date "2015.08.29"]
[Round "3.17"]
[White "Stergiou, Georgios"]
[Black "Korniotis, Filippos"]
[Result "0-1"]
[WhiteElo "1832"]
[BlackElo "2006"]
[PlyCount "46"]
[EventDate "2015.08.27"]

1. e4 e6 2. d4 d5 3. Nd2 c5 4. exd5 Qxd5 5. Ngf3 cxd4 6. Bc4 Qd6 7. O-O Nf6 8.
Nb3 Nc6 9. Nbxd4 Nxd4 10. Nxd4 a6 11. Re1 Bd7 12. c3 Qc7 13. Qe2 Bd6 14. Nf5
Bxh2+ 15. Kh1 O-O 16. Nxg7 Kxg7 17. g3 Bxg3 18. Qe3 Bc6+ 19. f3 Kh8 20. Bd3 Rg8
21. Rf1 Ng4 22. Qd4+ Be5 23. Qg1 Qe7 0-1

[Event "23rd Int. Tournament "]
[Site "?"]
[Date "2015.08.29"]
[Round "3.18"]
[White "Papadopoulos, Asterios"]
[Black "Spyropoulos, Nikolaos"]
[Result "0-1"]
[WhiteElo "1826"]
[BlackElo "1993"]
[PlyCount "70"]
[EventDate "2015.08.27"]

1. e4 e6 2. d4 d5 3. Nc3 Bb4 4. e5 c5 5. a3 Bxc3+ 6. bxc3 Ne7 7. h4 Qc7 8. h5
cxd4 9. cxd4 Qc3+ 10. Bd2 Qxd4 11. Nf3 Qc5 12. h6 g6 13. Bb4 Qc7 14. Bb5+ Bd7
15. Bxd7+ Nxd7 16. Qe2 a5 17. Bd2 Nc6 18. Bf4 Nd4 19. Qd2 Nxc2+ 20. Ke2 Qc4+
21. Qd3 Qxd3+ 22. Kxd3 Nxa1 23. Rxa1 O-O 24. Rb1 Rfc8 25. Kd2 Nc5 26. Ke3 Rab8
27. Nd4 Ne4 28. f3 Nc3 29. Rb6 Na4 30. Rd6 Nb2 31. Rd7 Nc4+ 32. Kd3 b5 33. Nb3
b4 34. axb4 axb4 35. Bg3 Nb6 0-1

[Event "23rd Int. Tournament "]
[Site "?"]
[Date "2015.08.29"]
[Round "3.19"]
[White "Merasedoglou, Dimitrios - Nekt"]
[Black "Drivas, Stefanos"]
[Result "1/2-1/2"]
[WhiteElo "1773"]
[BlackElo "1967"]
[PlyCount "91"]
[EventDate "2015.08.27"]

1. d4 Nf6 2. Bf4 d5 3. e3 g6 4. Bd3 c5 5. c3 cxd4 6. exd4 Bg7 7. Nf3 Nc6 8. h3
a6 9. O-O O-O 10. Nbd2 Re8 11. Re1 Nd7 12. Ne5 f6 13. Nxd7 Qxd7 14. Qb3 e5 15.
Be3 Qf7 16. f3 Be6 17. Rad1 Rac8 18. Qb6 Qc7 19. Qxc7 Rxc7 20. Nb3 Bf7 21. Nc5
Nb8 22. b4 Nd7 23. Nxd7 Rxd7 24. a4 Rc7 25. dxe5 fxe5 26. Bc5 Bf6 27. Rc1 Ra8
28. a5 Re8 29. c4 dxc4 30. Bxc4 Bxc4 31. Rxc4 Rd7 32. f4 Kf7 33. Rce4 Rd5 34.
fxe5 Rdxe5 35. Rxe5 Rxe5 36. Rd1 Ke8 37. Bd4 Re6 38. Bxf6 Rxf6 39. Rd5 b6 40.
axb6 Rxb6 41. Rd4 Rb5 42. Rh4 h5 43. Rf4 Ke7 44. h4 a5 45. bxa5 Rxa5 46. g3
1/2-1/2